000 00362 a2200157 4500
001 180654
020 _a
040 _cMagnum
100 _aNicola, José de
240 1 0 _aPortugues palavras e ideias 8 serie
_lpor
245 1 0 _aPortugues palavras e ideias 8 serie
362 0 _a1899
440 1 _aScipione
697 _aMAGNITO: PARADIDATICO
942 _cBK
999 _c180654
_d180654